Normal view
MARC view
- Liu, David H. F.
Entry Personal Name
001 - CONTROL NUMBER
- control field: 6078
003 - CONTROL NUMBER IDENTIFIER
- control field: NUST
005 - DATE AND TIME OF LATEST TRANSACTION
- control field: 20171107112122.0
008 - FIXED-LENGTH DATA ELEMENTS
- fixed length control field: 171107|| aca||aabn | a|a d
040 ## - CATALOGING SOURCE
- Original cataloging agency: NUST
- Transcribing agency: NUST
100 ## - HEADING--PERSONAL NAME
- Personal name: Liu, David H. F.
670 ## - SOURCE DATA FOUND
- Source citation: Work cat.: (NUST)0: Groundwater and surface water pollution /, c2000.
